00633nam a2200193Ia 4500952013100000999001700131003000400148005001700152008004100169020001800210040000900228082001800237100002800255245003600283260004900319300000900368650002000377942004200397 00102ddc40708ISLAMaMESbMEScISLd2019-02-20g100.00l0o297.61 KAD/Ip38641r2019-02-20 00:00:00w2019-02-20yBKzGL46R3 c23293d23293OSt20200206145358.0190216s9999||||xx |||||||||||||| ||und|| a9788182716025 coclc a297.61bKAD/I aKaderi, Muhammed 91867 0aImam Shafiee /cMuhammed Kaderi bIslamic Publishing House,c2014.aKozhikode: a132p aIslamic History cBK2ddch297.61iKAD/Ik297.61mKAD/I